Indian Standard code of practicb for sound insulation of non-industrial building-1950-1962 (Record no. 8067)

000 -LEADER
fixed length control field 00360nam a22001217a 4500
003 - CONTROL NUMBER IDENTIFIER
control field OSt
005 - DATE AND TIME OF LATEST TRANSACTION
control field 20200704125531.0
008 - FIXED-LENGTH DATA ELEMENTS--GENERAL INFORMATION
fixed length control field 200704b ||||| |||| 00| 0 eng d
082 ## - DEWEY DECIMAL CLASSIFICATION NUMBER
Classification number UDC 699-844
245 ## - TITLE STATEMENT
Title Indian Standard code of practicb for sound insulation of non-industrial building-1950-1962
260 ## - PUBLICATION, DISTRIBUTION, ETC. (IMPRINT)
Place of publication, distribution, etc New Delhi
Name of publisher, distributor, etc Bureau of Indian standards
942 ## - ADDED ENTRY ELEMENTS (KOHA)
Source of classification or shelving scheme
Holdings
Withdrawn status Lost status Source of classification or shelving scheme Damaged status Not for loan Permanent location Current location Date acquired Barcode Date last seen Price effective from Koha item type
          BMS College of Architecture, Design and Planning BMS College of Architecture, Design and Planning 2020-07-04 AR-BB51 2020-07-04 2020-07-04 Book Bank
          BMS College of Architecture, Design and Planning BMS College of Architecture, Design and Planning 2020-07-04 AR-BB52 2020-07-04 2020-07-04 Book Bank
          BMS College of Architecture, Design and Planning BMS College of Architecture, Design and Planning 2020-07-04 AR-BB53 2020-07-04 2020-07-04 Book Bank
          BMS College of Architecture, Design and Planning BMS College of Architecture, Design and Planning 2020-07-04 AR-BB54 2020-07-04 2020-07-04 Book Bank
          BMS College of Architecture, Design and Planning BMS College of Architecture, Design and Planning 2020-07-04 AR-BB55 2020-07-04 2020-07-04 Book Bank
Copyright © 2025, The Librarian, Library and Information Centre, BMSCA D&P, Bengaluru. All Rights Reserved
web counter

Powered by Koha